000
00208 a2200097 4500
001
47583
100
_a
Foster F
245
_a
comrades in bondage
260
_a
London
_b
Skeffington
_c
090
_c
30596
_d
30596
942
_a
NUST-CAE
_c
M
_c
22887
999
_c
282656
_d
282656